Piłkarska kariera Kamila Grosickiego. - Statystyki

Ogólne statystyki
  • Ten quiz został rozwiązany 125 razy
  • Średni wynik to 7 z 12
Statystyki odpowiedzi
Lata Drużyna % Poprawnych
2006-2007 Pogoń Szczecin
88%
2017-2020 Hull
87%
2020-teraz West Brom
76%
2007-2008 Legia Warszawa
65%
2008-2009 Legia Warszawa
65%
2009-2009 Legia Warszawa
65%
2014-2017 Rennes
64%
2009-2009 Jagiellonia Białystok
63%
2009-2011 Jagiellonia Białystok
63%
2011-2014 Sivasspor
38%
2008-2008 Sion
25%
2005-2006 Pogoń Szczecin II
10%
Nie znaleziono quizów pasujących do podanych kryteriów
Rozkład punktacji
Procent ludzi z każdym wynikiem
Percentyl według liczby udzielonych odpowiedzi
Twoja historia wyników
Nie rozwiązałeś tego quizu